Flowers by Images A-Z - Statistics

General Stats
  • This quiz has been taken 94 times
  • The average score is 9 of 26
Answer Stats
Picture Answer % Correct
Daffodil
95%
Iris
79%
Hibiscus
77%
Marigold
76%
Pansy
72%
Bluebell
65%
Aster
55%
Foxglove
55%
Wisteria
52%
Jasmine
40%
Zinnia
39%
Snapdragon
31%
Edelweiss
24%
Cosmos
23%
Yarrow
21%
Queen Anne's lace
19%
Verbena
16%
Ranunculus
13%
Kangaroo Paw
12%
Lantana
11%
Nigella
11%
Oleander
11%
Gaillardia
4%
Tuberose
4%
Ursinia
1%
Xerophyllum
1%
No matching quizzes found
Score Distribution
Percent of People with Each Score
Percentile by Number Answered
Your Score History
You have not taken this quiz